The glory of grace: (Record no. 5725)

000 -LEADER
fixed length control field 00672nam a2200193 a 4500
001 - CONTROL NUMBER
control field :::00003467$&:&@@
003 - CONTROL NUMBER IDENTIFIER
control field OkBaRHE
005 - DATE AND TIME OF LATEST TRANSACTION
control field 20000607103306.0
008 - FIXED-LENGTH DATA ELEMENTS--GENERAL INFORMATION
fixed length control field s1979 j 000 0 eng u
040 ## - CATALOGING SOURCE
Transcribing agency
100 1# - MAIN ENTRY--PERSONAL NAME
Personal name Kenyon, Don J.
245 14 - TITLE STATEMENT
Title The glory of grace:
Remainder of title Romans 7-16.
260 ## - PUBLICATION, DISTRIBUTION, ETC. (IMPRINT)
Place of publication, distribution, etc Harrisburg, PA., :
Name of publisher, distributor, etc Christian Publications
Date of publication, distribution, etc c1979
300 ## - PHYSICAL DESCRIPTION
Extent 199 p. ;
Dimensions 22 cm.
490 0# - SERIES STATEMENT
Series statement His An interpretation of the Epistle of Paul the Apostle to the Romans ; v. 2.
650 ## - SUBJECT ADDED ENTRY--TOPICAL TERM
Topical term or geographic name as entry element Bible New Testament Romans 7-16
General subdivision Commentaries
942 ## - ADDED ENTRY ELEMENTS (KOHA)
Source of classification or shelving scheme
Koha item type Books
Copies
Koha item type Price effective from Not for loan Date acquired Source of classification or shelving scheme Lost status Damaged status Date last seen Full call number Shelving location Permanent Location Withdrawn status Barcode Copy number
Books2010-04-14 2010-04-14   2018-03-28BS 2665.3 .K45General StacksRHEMA Bible Training College 34671